LEADER 01223nam 2200397 450 001 9910467435103321 005 20200520144314.0 010 $a3-8325-9742-5 035 $a(CKB)4340000000242361 035 $a(MiAaPQ)EBC5216690 035 $a(Au-PeEL)EBL5216690 035 $a(CaPaEBR)ebr11539339 035 $a(OCoLC)1021802847 035 $a(EXLCZ)994340000000242361 100 $a20180528d2010 uy 0 101 0 $ager 135 $aurcnu|||||||| 181 $ctxt$2rdacontent 182 $cc$2rdamedia 183 $acr$2rdacarrier 200 10$aDiagnostische Padagogik Als Grundlage Fur Die (innere) Differenzierung Zwischen Lernbehinderung und Hochbegabung 210 1$aBerlin :$cLogos,$d2010. 215 $a1 online resource (334 pages) 311 $a3-8325-2579-3 606 $aLearning disabled 608 $aElectronic books. 615 0$aLearning disabled. 676 $a371.9 700 $aWolfer$b Markus$0910792 801 0$bMiAaPQ 801 1$bMiAaPQ 801 2$bMiAaPQ 906 $aBOOK 912 $a9910467435103321 996 $aDiagnostische Padagogik Als Grundlage Fur Die (innere) Differenzierung Zwischen Lernbehinderung und Hochbegabung$92038584 997 $aUNINA LEADER 01086nam0 22002651i 450 001 UON00206218 005 20231205103314.927 100 $a20030730d1977 |0itac50 ba 101 $aspa 102 $aVE 105 $a|||| ||||| 200 1 $a Obra completa$fJuan Rulfo$gprologo y cronologia Jorge Ruffinelli 210 $aCaracas$cBiblioteca Ayacucho$d1977 215 $aXXXVIII, 299 p. Il testo contiene: El llano en llamas$dPedro Páramo$dOtros textos. 410 1$1001UON00173496$12001 $a Biblioteca Ayacucho$1210 $aCaracas$cBiblioteca Ayacucho$v13 620 $aVE$dCaracas$3UONL001532 700 1$aRULFO$bJuan$3UONV123781$0164536 702 1$aRUFFINELLI$bJorge$3UONV119723 712 $aBiblioteca Ayacucho$3UONV266774$4650 801 $aIT$bSOL$c20240220$gRICA 899 $aSIBA - SISTEMA BIBLIOTECARIO DI ATENEO$2UONSI 912 $aUON00206218 950 $aSIBA - SISTEMA BIBLIOTECARIO DI ATENEO$dSI Bras 15 B.A 013 $eSI DA 29046 7 013 996 $aObra completa$9539786 997 $aUNIOR